1746 1343 1549 1850 1168 1418 1076 1600 1175 1735 1211 1828 1570 1091 1161 1795 1399 1618 1136 1629 1089 1053 1825 1701 1667 1535 1762 1578 1925 1130 1704 1993 1063 1049 1077 1504 1725 1332 1211 1551 1468 1757 1448 1562 1003 1458 1618 1810 1061 1882 1537 1305 1943 1813 1671 1032 1449 1368 1123 1271 1623 1834 1180 1923 1502 1381 1189 1301 1324 1286 1477 1134 1108 1825 1433 1358 1825 1296 1835 1247 1023 1376 1315 1346 1791 1635 1952 1195 1271 1291 1115 1760 1841 1946 1275 1012 1822 1512 1065 BCNSPRNW ULIB Ver.6.0+V

เปลี่ยนเป็นภาษาไทย

Change to English
 แสดงรายละเอียดบรรณานุกรม
  กลับหน้าหลัก

Brief Record : Get Marc (ISO 2709) : E-mail record : QR code < ปิดหน้าต่าง
LEADER : 00000nam 2200000uu 4500
001    13399126194
003     ULIB
008    180716s2009||||th 000 0 tha d
020    ^a9780521677028
050 00 ^aPE1128^bC172^cV.5
245 10 ^aCambridge practice tests for IELTS 5
260    ^aCambridge :^bCambridge University Press,^c2009
300    ^a176 p.:^bill. ;^c25 cm.
650 00 ^aInternational English Language Testing System.
650 00 ^aEnglish language^xExaminations, questions, etc.
650 00 ^aEnglish language^xTextbooks for foreign speakers
945    ^p0^l0^i26412
999    ^aกัณชพร จุลอักษร
รายการนี้ยังไม่มีแท็ก
คุณยังไม่ได้ล็อกอิน คุณสามารถมีกิจกรรมร่วมกับเว็บไซต์ได้ แต่ต้องล็อกอินก่อน ::
  ล็อกอิน

รายการสื่อสารสนเทศ

ลำดับที่ ประเภท เลขเรียก/บาร์โค้ด สถานที่ สถานะ
1. วิทยาศาสตร์การแพทย์ และสุขภาพ
วิทยาศาสตร์การแพทย์ และสุขภาพ
PE1128 C172 V.5 ฉ.1 
  Barcode: 26412
ห้องสมุดวิทยาเขตนครสวรรค์
►หนังสือทั่วไป:l:General Books
บนชั้น

รายการใกล้เคียง
    ชื่อเรื่อง [Cambridge practice tests for IELTS 5]

    หัวเรื่อง [International English Language Testing System.]

BibComment


ยังไม่เคยถูกคอมเมนท์

คอมเมนท์ทรัพยากรรายการนี้
  คอมเมนท์: Cambridge practi..


 Copyright 2026. Bcnsprnw @Library